[Event "Aspropyrgos op-B 1st"]
[Site "Aspropyrgos"]
[Date "2019.09.18"]
[Round "5"]
[White "Tsironis, Panteleimon"]
[Black "Topalidis, Ioannis D"]
[Result "1/2-1/2"]
[WhiteElo "1561"]
[BlackElo "1533"]
[PlyCount "46"]
[EventDate "2019.09.14"]
[EventType "swiss"]
[EventRounds "9"]
[EventCountry "GRE"]
[SourceTitle "CBM 195 Extra"]
[Source "ChessBase"]
[SourceDate "2020.05.31"]
[SourceVersion "1"]
[SourceVersionDate "2020.05.31"]
[SourceQuality "1"]

1. g3 d5 2. Bg2 e5 3. d3 Nf6 4. Nc3 Be6 5. Bg5 c6 6. e4 Bb4 7. a3 Bxc3+ 8. bxc3 h6 9. Bxf6 Qxf6 10. Qb1 Qe7 11. exd5 Bxd5 12. Bxd5 cxd5 13. Qb5+ Qd7 14. Rb1 b6 15. c4 dxc4 16. Qxe5+ Qe7 17. Nf3 cxd3 18. cxd3 Nd7 19. Qxe7+ Kxe7 20. 0-0 Rhd8 21. Rfe1+ Kf8 22. d4 Nf6 23. Rbc1 Rac8 1/2-1/2

[Event "Peristeri op"]
[Site "Peristeri"]
[Date "2015.01.07"]
[Round "6"]
[White "Tsironis, Panteleimon"]
[Black "Deftereos, Pavlos Efstathios"]
[Result "0-1"]
[WhiteElo "1606"]
[BlackElo "1795"]
[PlyCount "72"]
[EventDate "2015.01.02"]
[EventType "swiss"]
[EventRounds "7"]
[EventCountry "GRE"]
[SourceTitle "EXT 2016"]
[Source "ChessBase"]
[SourceDate "2015.10.08"]
[SourceVersion "1"]
[SourceVersionDate "2015.10.08"]
[SourceQuality "1"]

1. g3 e5 2. Bg2 d5 3. e3 Nf6 4. Ne2 c5 5. 0-0 Bd6 6. f4 Nc6 7. fxe5 Nxe5 8. d4 Nc6 9. Nf4 Bg4 10. Qe1 0-0 11. Nxd5 Nxd5 12. Bxd5 cxd4 13. Bf3 Bh3 14. Bg2 Bxg2 15. Kxg2 Bc5 16. Qe2 Qe7 17. e4 Rae8 18. Rf5 Bb6 19. Nd2 Nb4 20. e5 Nxc2 21. Ne4 Nxa1 22. Bg5 f6 23. Qh5 fxg5 24. Rxg5 h6 25. Qxh6 Rc8 26. Qh5 Rc2+ 27. Kh3 Qe6+ 28. g4 Rf3+ 29. Ng3 Rxh2+ 30. Kxh2 d3 31. Rg6 Qe7 32. Ne4 d2 33. Rd6 Re3 34. Nf6+ gxf6 35. Qg6+ Kh8 36. Qh6+ Qh7 0-1

[Event "Peristeri op"]
[Site "Peristeri"]
[Date "2015.01.06"]
[Round "5"]
[White "Hrysogelou, Athanasia Panagiota"]
[Black "Tsironis, Panteleimon"]
[Result "1-0"]
[WhiteElo "1693"]
[BlackElo "1606"]
[PlyCount "67"]
[EventDate "2015.01.02"]
[EventType "swiss"]
[EventRounds "7"]
[EventCountry "GRE"]
[SourceTitle "EXT 2016"]
[Source "ChessBase"]
[SourceDate "2015.10.08"]
[SourceVersion "1"]
[SourceVersionDate "2015.10.08"]
[SourceQuality "1"]

1. e4 b6 2. d4 Bb7 3. Nc3 e6 4. a3 Ne7 5. f4 f5 6. e5 Nd5 7. Nxd5 Bxd5 8. Nf3 c5 9. c4 Bxf3 10. Qxf3 Nc6 11. d5 Nd4 12. Qd1 Qh4+ 13. g3 Qg4 14. Qxg4 fxg4 15. Bd3 0-0-0 16. Be3 d6 17. Bxd4 cxd4 18. dxe6 dxe5 19. Bf5 Be7 20. fxe5 h5 21. 0-0-0 Rh6 22. Be4 Kc7 23. Bd5 Bg5+ 24. Kb1 Be3 25. Rhf1 g5 26. Rf7+ Kb8 27. e7 Re8 28. Rf8 Rh8 29. Rdf1 Kc7 30. Rxh8 Rxe7 31. Rff8 Rxe5 32. Rf7+ Kd6 33. Rd8+ Kc5 34. b4# 1-0

[Event "Peristeri op"]
[Site "Peristeri"]
[Date "2015.01.03"]
[Round "2"]
[White "Tsironis, Panteleimon"]
[Black "Dounis, Alexandros"]
[Result "0-1"]
[WhiteElo "1606"]
[BlackElo "2244"]
[PlyCount "48"]
[EventDate "2015.01.02"]
[EventType "swiss"]
[EventRounds "7"]
[EventCountry "GRE"]
[SourceTitle "EXT 2016"]
[Source "ChessBase"]
[SourceDate "2015.10.08"]
[SourceVersion "1"]
[SourceVersionDate "2015.10.08"]
[SourceQuality "1"]

1. e4 e5 2. Nf3 Nc6 3. Bc4 Nf6 4. Ng5 d5 5. exd5 Na5 6. Bb5+ c6 7. dxc6 bxc6 8. Be2 h6 9. Nf3 e4 10. Ne5 Bd6 11. d4 exd3 12. Nxd3 0-0 13. Nc3 Qc7 14. b3 Re8 15. Be3 Ba6 16. Qd2 Rad8 17. Bf4 c5 18. Bxd6 Qxd6 19. 0-0-0 c4 20. Nf4 Qa3+ 21. Kb1 Rxd2 22. Rxd2 Qb4 23. Kb2 cxb3 24. cxb3 Qxf4 0-1

[Event "Attica-ch U14"]
[Site "Athens"]
[Date "2008.01.02"]
[Round "1"]
[White "Pappelis, Dimitrios"]
[Black "Tsironis, Panteleimon"]
[Result "1-0"]
[WhiteElo "1570"]
[BlackElo "1015"]
[PlyCount "37"]
[EventDate "2008.01.02"]
[EventType "swiss"]
[EventRounds "7"]
[EventCountry "GRE"]
[SourceTitle "EXT 2011"]
[Source "ChessBase"]
[SourceDate "2010.11.26"]
[SourceVersion "1"]
[SourceVersionDate "2010.11.26"]
[SourceQuality "1"]

1. e4 e5 2. Nf3 Nc6 3. Bc4 Nf6 4. d4 d6 5. dxe5 dxe5 6. Qxd8+ Nxd8 7. 0-0 Bd6 8. Nc3 Bg4 9. Be3 Bxf3 10. gxf3 g5 11. Nb5 Nh5 12. Rad1 Nf4 13. Nxd6+ cxd6 14. Rxd6 h5 15. Rfd1 a6 16. Bb6 0-0 17. Rxd8 Raxd8 18. Rxd8 Rxd8 19. Bxd8 1-0